000 00817nam a2200253Ia 4500
003 OSt
005 20220918171049.0
006 a|||||r|||| 00| 0
007 ta
008 220917b |||||||| |||| 00| 0 eng d
020 _a9781138564961 (pbk)
_cUKP 21.99
024 _a351,880
037 _b14175, 11/12/2019, Elite Publishers Distributors
_cTextual
040 _aARTS
_cARTS
_beng
041 _2eng
_aeng
082 _aX:87, Q9
100 _aEllison Rachel Au.
_933774
245 0 _aGlobal leadership and coaching
_b flourishing under intense pressure at work
260 _aLondon
_bRoutledge UK
_c2019
300 _axvii,156p.
_ccm.
650 _aLEADERSHIP
942 _hX:87, Q9
_cTEXL
_2CC
999 _c137666
_d137666